000
00255nam a2200109Ia 4500
008
220204s9999 xx 000 0 und d
082
_a
82-3
_b
MAC
100
_a
Maclean, Alistair
245
0
_a
River of death
260
_a
Calcutta
_b
Rupa
_c
1981
942
_c
BK
999
_c
37534
_d
37534